| 000 | 00414 a2200097 4500 | ||
|---|---|---|---|
| 020 | _a8022723886 | ||
| 920 | _a80-227-2388-6 | ||
| 245 | 0 |
_aRadioelektronika 2006 : _bConference Procedings / _c. |
|
| 710 | 2 |
_aThe Institute of Radio Electronics, Slovak Technical University in Bratislava. _eWydawca _4pbl |
|
| 260 |
_aBratislava : _bThe Institute of Radio Electronics, Slovak Technical University in Bratislava, _c2006. |
||
| 300 |
_aCD-ROM; _c0 cm. |
||
| 999 |
_c17450 _d17450 |
||